=LDR 00000nam 2200000 4500 =001 INLIS000000000008836 =005 20130612100646 =008 ***********************************Ind** =035 ##$$0010-061300000008836 =041 ##$$a Ind =082 ##$$a F Rom D =090 ##$$a F Rom D, les s =100 ##$$a lestari,V =245 ##$$a Setelah kematian, V.Lestari =260 ##$$a 2001 $b Jakarta =300 ##$$a 352 hlm, 18cm =650 ##$$a Fiksi dewasa =850 ##$$a NBPNMAT